| 000 | 00661nam a2200229Ia 4500 | ||
|---|---|---|---|
| 008 | 191130s2003##################000#0#eng## | ||
| 020 | _a9780195170740 | ||
| 022 | _a2003051784 | ||
| 040 |
_aACL _cACL |
||
| 082 | _a153.6 TRE | ||
| 100 | _aTrenholm, Sarah | ||
| 245 |
_aInterpersonal communication _cSarah Trenholm, Arthur Jensen |
||
| 250 | _a5th ed | ||
| 260 |
_aOxford _bOxford University Press _c2003 |
||
| 300 | _axix, 434 p | ||
| 500 | _aIncludes bibliographical references and index | ||
| 650 | _aInterpersonal communication | ||
| 700 | _aJensen, Arthur | ||
| 990 | _a9559a35eac10000c009865e4d4af0074 | ||
| 991 | _a206543 | ||
| 999 |
_c268431 _d268431 |
||